LDR 01102naa#a2200193#i#450# 001 RU\\bibl\120405 005 20260419142929.7 011 ## _a2782-4586 100 ## _a20260331b2026####ek#y0rusy0150####ca 102 ## _aRU 200 1# _aЭпистемология систем принудительного труда в условиях неофеодальной трансформации: структурно-функциональный анализ перманентных механизмов эксплуатации в колумбийском социуме постколониального периода _eЖурнальная статья 210 1# _aМосква _cУниверситет ИТБО _d2026 215 ## _a14 с. 608 ## _aЖурнальная статья _2local 675 ## _aЭкономические науки в целом. Политическая экономия. 330 _z 700 #1 _aАксинина _gОльга Сергеевна 700 #1 _aПетров _gСергей Александрович 700 #1 _aКоролев _gАндрей Андреевич 856 4# _azhpi.ru _u